Statistics for Ligue 1 2015-2016 Top scorers

Click here to take the quiz!

General Stats

  • This quiz has been taken 4 times
  • The average score is 6 of 10

Answer Stats

GoalsNationalityClubPlayer% Correct
21FranceLyonAlexandre Lacazette
100%
19UruguayParis Saint-GermainEdinson Cavani
100%
38SwedenParis Saint-GermainZlatan Ibrahimović
100%
17BelgiumMarseilleMichy Batshuayi
75%
12FranceCaenAndy Delort
50%
17FranceToulouseWissam Ben Yedder
50%
13CameroonLorientBenjamin Moukandjo
25%
17FranceNiceHatem Ben Arfa
25%
14FranceNiceValère Germain
25%
12FranceRennesOusmane Dembélé
0%

Score Distribution

Percentile by Number Answered

Percent of People with Each Score

Your Score History

You have not taken this quiz